| 000 | 01588nam a22002777a 4500 | ||
|---|---|---|---|
| 003 | AR-RoUNCS | ||
| 005 | 20260416100524.0 | ||
| 007 | ta | ||
| 008 | 241008s2015 ag a||||r|||| 00| 1 spa d | ||
| 020 | _a9789875040700 | ||
| 040 |
_cAR-RoUNCS _aAR-RoUNCS _bspa |
||
| 041 | _aspa | ||
| 080 | _082-34(82) | ||
| 100 | 1 |
_aDrennen, Olga _eautor |
|
| 245 | 1 | 0 |
_aSombras y temblores / _cOlga Drennen ; ilustraciones Lelo Carrique. |
| 250 | _a2a ed. | ||
| 260 |
_aBuenos Aires : _bQuipu, _c2015. |
||
| 300 |
_a79 p. : _bils. ; _c21 cm. |
||
| 490 | _aNegra | ||
| 505 | 0 | _aLa mancha a la altura del tercer botón -- Viaje sin fin -- Yo-yo -- La prueba -- Mejor me callo -- Una de terror -- El brillo en la sombra -- El último baile de invierno.- | |
| 520 | _aCuentos inquietantes en los que lo extraño, lo inesperado y lo siniestro se instalan en el mundo de todos los días. Un par de zapatillas, una leyenda que obsesiona, un chico en la escuela que descubre algo inesperado en la ventana de su aula, dos jovencitas de vacaciones que miran una película de terror son ejemplos de las sencillas circunstancias que derivarán en sucesos escalofriantes... y sin embargo, posibles. La autora evita los recursos fáciles y acartonados a los que suelen recurrir algunos cultores del género o ciertas series televisivas. Sombras y temblores se constituye, sin duda alguna, en una de las producciones argentinas más interesantes de la literatura de terror. | ||
| 650 | _aLiteratura argentina | ||
| 655 | _aCuentos de terror | ||
| 700 | 1 |
_aCarrique, Lelo _eilustrador |
|
| 942 |
_2udc _cOG _n0 |
||
| 999 |
_c354 _d354 |
||